000
00288nam a22001097a 4500
008
140207t xxu||||| |||| 00| 0 eng d
020
_a
978-0-19-579801-2
100
_a
Shahid M. Amin
_9
691
245
_a
Pakistan's foreign policy
_b
A reappraisal
300
_a
356 p. ;
_b
22 cm.
942
_2
ddc
_c
BK
999
_c
16950
_d
16950